[Event "St Chely d'Aubrac op 9th"]
[Site "St Chely d'Aubrac"]
[Date "2009.07.11"]
[Round "1"]
[White "Jaafar, Nasser"]
[Black "Muheim, Sebastien"]
[Result "0-1"]
[WhiteElo "1557"]
[BlackElo "2035"]
[PlyCount "76"]
[EventDate "2009.07.11"]
[EventType "swiss"]
[EventRounds "9"]
[EventCountry "FRA"]
[SourceTitle "EXT 2010"]
[Source "ChessBase"]
[SourceDate "2010.11.25"]
[SourceVersion "1"]
[SourceVersionDate "2010.11.25"]
[SourceQuality "1"]

1. e4 c5 2. b4 cxb4 3. a3 bxa3 4. Bxa3 d6 5. Nc3 Nf6 6. Bb5+ Bd7 7. Qe2 Nc6 8. Nf3 a6 9. Bc4 Bg4 10. e5 Bxf3 11. Bxf7+ Kxf7 12. e6+ Ke8 13. Qxf3 Nd4 14. Qxb7 Nxe6 15. Ne4 Qc8 16. Nxf6+ exf6 17. Qe4 d5 18. Qxd5 Bxa3 19. Rxa3 Ra7 20. Re3 Re7 21. 0-0 Kf7 22. f4 Qc5 23. Qb3 g6 24. c3 Rd8 25. d4 Qd5 26. Qb6 Kg8 27. Qxa6 Nxf4 28. Ref3 Ne2+ 29. Kh1 f5 30. Re1 Ng3+ 31. hxg3 Rxe1+ 32. Kh2 Ra8 33. Qf6 Rf8 34. Qg5 Re2 35. Kh1 Ra8 36. Qc1 Raa2 37. c4 Qxd4 38. g4 Ra1 0-1

[Event "St Chely d'Aubrac op 7th"]
[Site "St Chely d'Aubrac"]
[Date "2007.07.16"]
[Round "4"]
[White "Jaafar, Nasser"]
[Black "Schneider, Alec"]
[Result "1/2-1/2"]
[WhiteElo "1460"]
[BlackElo "1199"]
[PlyCount "31"]
[EventDate "2007.07.07"]
[EventType "swiss"]
[EventRounds "9"]
[EventCountry "FIN"]
[SourceTitle "EXT 2008"]
[Source "ChessBase"]
[SourceDate "2007.11.25"]
[SourceVersion "1"]
[SourceVersionDate "2007.11.25"]
[SourceQuality "1"]

1. e4 e5 2. Nc3 Bc5 3. g3 Nf6 4. Bg2 d6 5. Nge2 0-0 6. 0-0 Nc6 7. h3 Be6 8. Kh2 Nd4 9. d3 Nxe2 10. Qxe2 Qd7 11. f4 exf4 12. gxf4 Qe7 13. f5 Bd7 14. Bg5 Qe5+ 15. Kh1 Bd4 16. Bf4 1/2-1/2

[Event "St Chely d'Aubrac op 5th"]
[Site "St Chely d'Aubrac"]
[Date "2005.07.13"]
[Round "6"]
[White "Corbet, Philippe"]
[Black "Jaafar, Nasser"]
[Result "0-1"]
[WhiteElo "1350"]
[BlackElo "1280"]
[PlyCount "92"]
[EventDate "2005.07.09"]
[EventType "swiss"]
[EventRounds "9"]
[EventCountry "FRA"]
[SourceTitle "CBM 107 Extra"]
[Source "ChessBase"]
[SourceDate "2005.09.01"]
[SourceVersion "1"]
[SourceVersionDate "2005.09.01"]
[SourceQuality "1"]

1. e4 e5 2. Bc4 Nf6 3. Nc3 Nxe4 4. Bxf7+ Kxf7 5. Nxe4 d5 6. Qh5+ Ke7 7. Qxe5+ Be6 8. d4 Kd7 9. Bg5 Qc8 10. Nc5+ Kc6 11. Qxe6+ Qxe6+ 12. Nxe6 Bd6 13. Nf3 Re8 14. 0-0 Rxe6 15. Rfe1 Rg6 16. Be7 Bf4 17. g3 Bd6 18. b3 Na6 19. Rac1 Nb4 20. Bxd6 Kxd6 21. c3 Nd3 22. Ne5 Nxc1 23. Nxg6 Nxa2 24. Nf4 Nxc3 25. Re6+ Kd7 26. Re5 Re8 27. Rxe8 Kxe8 28. Kf1 b6 29. b4 a5 30. bxa5 bxa5 31. Ke1 a4 32. Kd2 Ne4+ 33. Kc2 Ke7 34. Nxd5+ Kd6 35. Nb4 Nxf2 36. Kb2 Ng4 37. h4 Nh6 38. h5 Nf5 39. g4 Nxd4 40. Ka3 c5 41. Na2 Nc2+ 42. Kxa4 Nb4 43. Nxb4 cxb4 44. Kxb4 Ke5 45. g5 Kf5 46. h6 g6 0-1

[Event "St Chely d'Aubrac op 5th"]
[Site "St Chely d'Aubrac"]
[Date "2005.07.12"]
[Round "5"]
[White "Jaafar, Nasser"]
[Black "Capron, Michel"]
[Result "0-1"]
[WhiteElo "1280"]
[BlackElo "1400"]
[PlyCount "94"]
[EventDate "2005.07.09"]
[EventType "swiss"]
[EventRounds "9"]
[EventCountry "FRA"]
[SourceTitle "CBM 107 Extra"]
[Source "ChessBase"]
[SourceDate "2005.09.01"]
[SourceVersion "1"]
[SourceVersionDate "2005.09.01"]
[SourceQuality "1"]

1. e4 e5 2. Nf3 Nc6 3. a3 Nf6 4. d3 Bc5 5. b4 Bd4 6. Ra2 a6 7. Bg5 d6 8. c3 Ba7 9. d4 exd4 10. cxd4 Bg4 11. h3 Bxf3 12. Qxf3 Nxd4 13. Qd3 Qe7 14. Nc3 h6 15. Nd5 Qd8 16. Bxf6 gxf6 17. Be2 c6 18. Nc3 Rg8 19. 0-0 Qd7 20. Kh2 0-0-0 21. Bg4 Rxg4 22. hxg4 Qxg4 23. Qh3 Qxh3+ 24. Kxh3 Ne6 25. g3 b5 26. Rc2 Kd7 27. Rfc1 Nd4 28. Rd2 Nb3 29. Rcc2 Nxd2 30. Rxd2 Rg8 31. f4 Be3 32. Rd1 h5 33. e5 fxe5 34. fxe5 d5 35. Re1 Bd4 36. Ne4 Bxe5 37. Nc5+ Kd6 38. Nb7+ Ke6 39. Nc5+ Kf5 40. Rf1+ Kg6 41. Nd7 Bb2 42. Kh4 Rd8 43. Rf2 Bd4 44. Rd2 Be3 45. Rd3 Bg5+ 46. Kh3 Rxd7 47. Re3 Rd6 0-1